Data Pipelines Pocket Reference

Saved in:
Bibliografiske detaljer
Hovedforfatter: James Densmore
Format: Bog
Udgivet: shroff
Fag:
Tags: Tilføj Tag
Ingen Tags, Vær først til at tagge denne postø!

MARC

LEADER 00000nam a2200000Ia 4500
005 20260427112648.0
526 |b Data Science 
100 |a James Densmore 
020 |a 9788194722939 
650 |a Data Engineering 
526 |a Bachelors 
942 |c BK 
245 |a Data Pipelines Pocket Reference 
260 |b shroff 
999 |c 27  |d 27 
952 |0 0  |1 0  |4 0  |7 0  |8 2  |a BRISTOL  |b BRISTOL  |d 2026-04-22  |l 0  |p 000054  |r 2026-04-27 11:26:48  |w 2026-04-27  |y BK